000 00915nas a2200301 4500
001 BR7800216
003 BR-BrBNA
005 20231205083256.0
007 ta
008 230509b bl.|||p| |||| 00| 00por d
040 _aBR-BrBNA
_bpor
_cBiblioteca Nacional de Agricultura
041 _a(Pt)
072 _aE70; E10
100 1 _aAad Neto, A.
100 1 _aResende, A.M.
100 1 _aBrandt, S.A
100 1 _aLadeira, H.H.
111 1 _a13. Reuniao Anual da Sociedade Brasileira de Economia Rural
_cCuritiba, PR (Brazil)
_d27 Jul 1975
245 1 _aModelo econometrico de oferta microregional de arroz [Santarem; Para; Brasil]
650 _aArroz
650 _aOferta
650 _aEconometria
650 _aSantarem
650 _aPara
773 0 _tRevista de Economia Rural (Brazil)
_x
_g(1977), v. 15(1) p. 257-280
_wBR7800216
909 _a202311
_bLúcia
_c55
_dLúcia Elande
942 _2AGRIS
_n0
_cANA
999 _c97657
_d97657